| 000 | 01284cam a2200385 i 4500 | ||
|---|---|---|---|
| 001 | 68879 | ||
| 003 | Mx-PuUPA | ||
| 005 | 20260323132721.0 | ||
| 008 | 250821s2016 mx |||dr|||| 00| f spa d | ||
| 020 | _a9786072420724 | ||
| 020 |
_a9789687791760 _qde la colección El Barco de Vapor |
||
| 040 |
_aMx-PuUPA _bspa _cMx-PuUPA _dMx-PuUPA _erda |
||
| 041 | 0 | _aspa | |
| 100 | 1 |
_aFrabetti, Carlo, _d1945- _913421 _eautor |
|
| 245 | 1 | 0 |
_aCalvina / _cCarlo Frabetti |
| 250 | _aSegunda edición | ||
| 264 | 1 |
_aCiudad de México : _bSM de Ediciones, _c2016 |
|
| 300 |
_a121 páginas ; _c19 cm |
||
| 336 |
_2rdacontent _atexto _btxt |
||
| 337 |
_2rdamedia _asin medio _bn |
||
| 338 |
_2rdacarrier _avolumen _bnc |
||
| 490 | 1 |
_aEl barco de vapor. Roja ; _v43 M |
|
| 500 | _aReimpresiones: (Primera, 2016). | ||
| 521 | 1 | _a12+ | |
| 650 | 7 |
_2armarc _aLiteratura mexicana |
|
| 650 | 7 |
_2armarc _aNovela fantástica |
|
| 650 | 7 |
_2armarc _aPadre e hijo _vNovela juvenil |
|
| 650 | 7 |
_2armarc _aNovela policiaca |
|
| 650 | 7 |
_2armarc _aLadrones, novela, cuentos, etc. _vNovela juvenil |
|
| 830 | 0 |
_aBarco de vapor _pRoja _v43 M _912924 |
|
| 942 |
_2ddc _cLI _h863 _iB2643 |
||
| 999 |
_c68879 _d68879 |
||